[Event "Erfurt op-A 29th"]
[Site "Erfurt"]
[Date "2019.12.30"]
[Round "8"]
[White "Hundack, Rolf"]
[Black "Guenther, Thomas"]
[Result "1-0"]
[WhiteElo "2163"]
[BlackElo "1980"]
[PlyCount "55"]
[EventDate "2019.12.26"]
[EventType "swiss"]
[EventRounds "8"]
[EventCountry "GER"]
[SourceTitle "CBM 194 Extra"]
[Source "ChessBase"]
[SourceDate "2020.03.31"]
[SourceVersion "1"]
[SourceVersionDate "2020.03.31"]
[SourceQuality "1"]

1. c4 e5 2. Nc3 Nc6 3. g3 Nf6 4. Bg2 Bb4 5. Nf3 0-0 6. 0-0 d6 7. d3 h6 8. h3 Be6 9. Bd2 d5 10. cxd5 Nxd5 11. Nxd5 Bxd2 12. Nxc7 Qxc7 13. Qxd2 Qd7 14. Kh2 Rfd8 15. Rfc1 f6 16. Rc3 Qf7 17. b3 a5 18. Rac1 a4 19. b4 Bxa2 20. b5 Na5 21. Rc7 Qe6 22. Nh4 Bd5 23. Bxd5 Qxd5 24. e4 Rd7 25. Rc8+ Rxc8 26. Rxc8+ Kh7 27. Qxa5 g5 28. Nf5 1-0

[Event "Erfurt op-A 29th"]
[Site "Erfurt"]
[Date "2019.12.26"]
[Round "1"]
[White "Guenther, Thomas"]
[Black "Sobolevsky, Leonid"]
[Result "1/2-1/2"]
[WhiteElo "1980"]
[BlackElo "2178"]
[PlyCount "73"]
[EventDate "2019.12.26"]
[EventType "swiss"]
[EventRounds "8"]
[EventCountry "GER"]
[SourceTitle "CBM 194 Extra"]
[Source "ChessBase"]
[SourceDate "2020.03.31"]
[SourceVersion "1"]
[SourceVersionDate "2020.03.31"]
[SourceQuality "1"]

1. Nf3 Nf6 2. e3 b6 3. c4 Bb7 4. b3 g6 5. Bb2 Bg7 6. d4 0-0 7. Bd3 d5 8. Nbd2 e6 9. Qc2 Nc6 10. a3 Nh5 11. 0-0 f5 12. b4 a6 13. b5 axb5 14. cxb5 Na5 15. Ne5 Bxe5 16. dxe5 c5 17. bxc6 Nxc6 18. Nb3 Rc8 19. Qe2 Ng7 20. Nd4 Nxe5 21. Nxe6 Nxe6 22. Bxe5 Re8 23. Bb5 Bc6 24. Bxc6 Rxc6 25. Rac1 Qc8 26. Bb2 d4 27. Qb5 Rc5 28. Qb3 dxe3 29. Qxe3 Qc6 30. h3 Qe4 31. Qb3 Qd5 32. Qxd5 Rxd5 33. Rfd1 Red8 34. Rxd5 Rxd5 35. Rc6 Rb5 36. Rxe6 Rxb2 37. Re7 1/2-1/2

[Event "Berlin Lichtenrade op 15th"]
[Site "Berlin"]
[Date "2019.10.15"]
[Round "4"]
[White "Guenther, Thomas"]
[Black "Fock, Amina"]
[Result "1-0"]
[WhiteElo "1966"]
[BlackElo "1749"]
[PlyCount "52"]
[EventDate "2019.10.12"]
[EventType "swiss"]
[EventRounds "9"]
[EventCountry "GER"]
[SourceTitle "CBM 195 Extra"]
[Source "ChessBase"]
[SourceDate "2020.05.31"]
[SourceVersion "1"]
[SourceVersionDate "2020.05.31"]
[SourceQuality "1"]

1. Nf3 Nf6 2. e3 e6 3. c4 g6 4. b3 Bg7 5. Bb2 0-0 6. d4 d6 7. Bd3 Nfd7 8. Qc2 f5 9. e4 f4 10. b4 a5 11. a3 Nc6 12. b5 Ne7 13. a4 h6 14. Nbd2 g5 15. h3 e5 16. Nb3 b6 17. dxe5 dxe5 18. c5 bxc5 19. Rd1 Qe8 20. Nxe5 Nxe5 21. Qxc5 N7g6 22. Bc4+ Be6 23. 0-0 Rf7 24. Bd5 Bf8 25. Qc4 Bxd5 26. Qxd5 Rd8 1-0

[Event "Berlin Lichtenrade op 13th"]
[Site "Berlin"]
[Date "2017.11.05"]
[Round "9"]
[White "Guenther, Thomas"]
[Black "Farmani Anosheh, Yasha"]
[Result "0-1"]
[WhiteElo "2050"]
[BlackElo "2194"]
[PlyCount "70"]
[EventDate "2017.10.28"]
[EventType "swiss"]
[EventRounds "9"]
[EventCountry "GER"]
[SourceTitle "CBM 181 Extra"]
[Source "ChessBase"]
[SourceDate "2017.12.12"]
[SourceVersion "1"]
[SourceVersionDate "2017.12.12"]
[SourceQuality "1"]

1. c4 c5 2. Nc3 Nc6 3. g3 g6 4. Bg2 Bg7 5. e3 e6 6. Nge2 Nge7 7. d4 cxd4 8. exd4 d5 9. cxd5 Nxd5 10. Nxd5 exd5 11. 0-0 0-0 12. Be3 Bg4 13. f3 Re8 14. Bf2 Be6 15. Qd2 Qb6 16. Rfd1 Rac8 17. Rac1 Qa6 18. Nc3 Qa5 19. Bf1 a6 20. Ra1 b5 21. a4 b4 22. Ne2 Qb6 23. Nc1 Na5 24. g4 b3 25. Qd3 Rc4 26. Ne2 Nc6 27. Ra3 Rb8 28. a5 Nxa5 29. Rda1 Nc6 30. Rxa6 Qb7 31. R6a4 Nb4 32. Qxb3 Nc2 33. Qxb7 Rxb7 34. Ra8+ Bf8 35. Bg3 Nxa1 0-1

[Event "Berlin Lichtenrade op 13th"]
[Site "Berlin"]
[Date "2017.11.02"]
[Round "6"]
[White "Guenther, Thomas"]
[Black "Heinig, Wolfram"]
[Result "1/2-1/2"]
[WhiteElo "2050"]
[BlackElo "2311"]
[PlyCount "90"]
[EventDate "2017.10.28"]
[EventType "swiss"]
[EventRounds "9"]
[EventCountry "GER"]
[SourceTitle "CBM 181 Extra"]
[Source "ChessBase"]
[SourceDate "2017.12.12"]
[SourceVersion "1"]
[SourceVersionDate "2017.12.12"]
[SourceQuality "1"]

1. c4 c5 2. Nc3 Nc6 3. g3 g6 4. Bg2 Bg7 5. e3 e6 6. Nge2 Nge7 7. d4 cxd4 8. exd4 d5 9. cxd5 Nxd5 10. 0-0 0-0 11. Nxd5 exd5 12. Be3 Bg4 13. h3 Bxe2 14. Qxe2 Nxd4 15. Qd2 Qf6 16. Bxd4 Qxd4 17. Qxd4 Bxd4 18. Rfd1 Bb6 19. Bxd5 Rac8 20. Rac1 Rxc1 21. Rxc1 Rd8 22. Rd1 Kg7 23. Bf3 Rxd1+ 24. Bxd1 Bd4 25. b3 Kf6 26. Kf1 Ke5 27. Ke2 Bc5 28. f3 Kd4 29. Bc2 f5 30. Bd3 h6 31. Bc4 Ba3 32. Kd2 g5 33. g4 f4 34. Bf7 b5 35. Kc2 Ke3 36. Bd5 a5 37. Kc3 Bb4+ 38. Kc2 Bc5 39. a4 bxa4 40. bxa4 Bb4 41. Bc6 Kf2 42. Kd3 Kg3 43. Ke4 Kxh3 44. Be8 Kh4 45. Kf5 Kg3 1/2-1/2

[Event "Berlin Lichtenberger op 16th"]
[Site "Berlin"]
[Date "2017.08.24"]
[Round "6"]
[White "Guenther, Thomas"]
[Black "Bruening, Wolfgang"]
[Result "1-0"]
[WhiteElo "2061"]
[BlackElo "1791"]
[PlyCount "53"]
[EventDate "2017.08.19"]
[EventType "swiss"]
[EventRounds "9"]
[EventCountry "GER"]
[SourceTitle "CBM 180 Extra"]
[Source "ChessBase"]
[SourceDate "2017.10.06"]
[SourceVersion "1"]
[SourceVersionDate "2017.10.06"]
[SourceQuality "1"]

1. d4 e6 2. Nf3 f5 3. e3 Nf6 4. Bd3 d5 5. 0-0 Bd6 6. b3 Qe7 7. Bb2 0-0 8. Nbd2 c6 9. c4 b6 10. Ne5 Bb7 11. Rc1 g6 12. f3 Rc8 13. Qe2 a5 14. e4 Nbd7 15. Nxd7 Nxd7 16. e5 Bc7 17. cxd5 exd5 18. f4 Nf8 19. g4 fxg4 20. Qxg4 Bd8 21. Nf3 Rc7 22. f5 Bc8 23. Qg3 Qg7 24. f6 Qd7 25. Ba3 Bb7 26. Ng5 Rac8 27. f7+ 1-0

[Event "Berlin Lichtenberger op 16th"]
[Site "Berlin"]
[Date "2017.08.22"]
[Round "4"]
[White "Guenther, Thomas"]
[Black "Ritter, Uwe1111"]
[Result "1-0"]
[WhiteElo "2061"]
[BlackElo "1953"]
[PlyCount "103"]
[EventDate "2017.08.19"]
[EventType "swiss"]
[EventRounds "9"]
[EventCountry "GER"]
[SourceTitle "CBM 180 Extra"]
[Source "ChessBase"]
[SourceDate "2017.10.06"]
[SourceVersion "1"]
[SourceVersionDate "2017.10.06"]
[SourceQuality "1"]

1. d4 d5 2. Nf3 f5 3. e3 e6 4. c4 c6 5. Nc3 Bd6 6. b3 Nf6 7. Bb2 0-0 8. Bd3 Ne4 9. 0-0 Nd7 10. Ne2 Qf6 11. Qc2 Ng5 12. Nxg5 Qxg5 13. f4 Qe7 14. c5 Bc7 15. Kh1 Nf6 16. Ng1 Ng4 17. Qe2 Qh4 18. Nf3 Qh5 19. g3 Nf6 20. b4 Ne4 21. Bxe4 fxe4 22. Ng1 Qxe2 23. Nxe2 Bd7 24. g4 a6 25. Bc3 Rf7 26. Kg2 Raf8 27. g5 g6 28. Rab1 h5 29. a4 Ra8 30. Be1 Bd8 31. h4 Kf8 32. Nc3 Ke8 33. Bg3 Rf5 34. Rb3 Bc8 35. Rfb1 Kd7 36. Be1 Bc7 37. Bd2 Kd8 38. b5 Ba5 39. bxc6 bxc6 40. Nxe4 Bxd2 41. Nxd2 Kc7 42. Nf3 a5 43. Ne5 Rxe5 44. fxe5 Ba6 45. Rb6 Ra7 46. Rb8 Bc8 47. R8b2 Bd7 48. Rf2 Be8 49. Rf8 Ra8 50. Rb6 Kd7 51. Rb7+ Kc8 52. Rg7 1-0

[Event "Berlin Lichtenberger op 16th"]
[Site "Berlin"]
[Date "2017.08.20"]
[Round "2"]
[White "Guenther, Thomas"]
[Black "Bandlow, Matthias"]
[Result "1/2-1/2"]
[WhiteElo "2061"]
[BlackElo "1945"]
[PlyCount "118"]
[EventDate "2017.08.19"]
[EventType "swiss"]
[EventRounds "9"]
[EventCountry "GER"]
[SourceTitle "CBM 180 Extra"]
[Source "ChessBase"]
[SourceDate "2017.10.06"]
[SourceVersion "1"]
[SourceVersionDate "2017.10.06"]
[SourceQuality "1"]

1. d4 d5 2. Nf3 e6 3. c4 Nf6 4. Nc3 Be7 5. e3 0-0 6. Bd3 dxc4 7. Bxc4 c5 8. 0-0 cxd4 9. exd4 Nbd7 10. Qe2 Nb6 11. Bd3 Nbd5 12. Re1 a6 13. Bd2 Qd6 14. g3 Rd8 15. Rad1 g6 16. Nxd5 Nxd5 17. h4 b5 18. h5 Bf6 19. Bg5 Bb7 20. hxg6 hxg6 21. Be4 Qe7 22. Qd2 Bxg5 23. Qxg5 Qxg5 24. Nxg5 Rd6 25. Bg2 Rad8 26. Ne4 R6d7 27. Nc5 Rc7 28. Nxb7 Rxb7 29. Rc1 Rb6 30. a3 Ne7 31. d5 Nxd5 32. Red1 Rbd6 33. Rc5 Nb6 34. Rxd6 Rxd6 35. Bf1 Nd5 36. Rc8+ Kg7 37. Ra8 Nc7 38. Rc8 Rc6 39. Kg2 Kf6 40. Bd3 Rc5 41. Kf3 a5 42. Rb8 Ke5 43. Ke3 b4 44. f4+ Kf6 45. axb4 axb4 46. Kd4 Rd5+ 47. Ke4 Rh5 48. Rxb4 g5 49. Rb7 Nd5 50. f5 Rh3 51. fxe6 fxe6 52. Kf3 Rh1 53. Bc4 Rd1 54. Bxd5 Rxd5 55. Rb4 Rf5+ 56. Kg4 Rd5 57. Rb7 Rd4+ 58. Kh5 Rd3 59. Kg4 Rd4+ 1/2-1/2

[Event "Bad Woerishofen op 33rd"]
[Site "Bad Woerishofen"]
[Date "2017.03.16"]
[Round "7"]
[White "Schaefer, Michael"]
[Black "Guenther, Thomas"]
[Result "1/2-1/2"]
[WhiteElo "2198"]
[BlackElo "2048"]
[PlyCount "41"]
[EventDate "2017.03.10"]
[EventType "swiss"]
[EventRounds "9"]
[EventCountry "GER"]
[SourceTitle "EXT 2018"]
[Source "ChessBase"]
[SourceDate "2017.10.13"]
[SourceVersion "1"]
[SourceVersionDate "2017.10.13"]
[SourceQuality "1"]

1. Nf3 Nf6 2. c4 e6 3. g3 b6 4. Bg2 Bb7 5. 0-0 Be7 6. d4 d6 7. Nc3 Ne4 8. Bd2 0-0 9. Be1 Nd7 10. Qc2 Nxc3 11. Bxc3 Nf6 12. b3 Be4 13. Qb2 Qc8 14. Bh3 c5 15. dxc5 bxc5 16. Nd2 Bc6 17. e4 Rd8 18. Rfe1 a5 19. Bg2 Ne8 20. Rad1 a4 21. Rb1 1/2-1/2

[Event "Bad Woerishofen op 33rd"]
[Site "Bad Woerishofen"]
[Date "2017.03.15"]
[Round "6"]
[White "Guenther, Thomas"]
[Black "Pitschka, Claus"]
[Result "0-1"]
[WhiteElo "2048"]
[BlackElo "2251"]
[PlyCount "96"]
[EventDate "2017.03.10"]
[EventType "swiss"]
[EventRounds "9"]
[EventCountry "GER"]
[SourceTitle "EXT 2018"]
[Source "ChessBase"]
[SourceDate "2017.10.13"]
[SourceVersion "1"]
[SourceVersionDate "2017.10.13"]
[SourceQuality "1"]

1. d4 d5 2. Nf3 Nf6 3. c4 c6 4. e3 Bf5 5. Bd3 Bxd3 6. Qxd3 e6 7. Nc3 Nbd7 8. 0-0 Be7 9. b3 a6 10. Bb2 b5 11. cxd5 cxd5 12. a4 b4 13. Ne2 0-0 14. Rac1 Qb6 15. Rc2 Rfc8 16. Rfc1 Qb7 17. Ng3 Nb6 18. Rxc8+ Rxc8 19. Rxc8+ Qxc8 20. h3 Nbd7 21. e4 dxe4 22. Nxe4 Nxe4 23. Qxe4 Nf6 24. Qe2 Nd5 25. Ne5 h6 26. g3 Bf6 27. Qc4 Qxc4 28. Nxc4 Nc3 29. Ne5 Bxe5 30. dxe5 Ne4 31. Bd4 Nd2 32. Bc5 a5 33. Bb6 Nxb3 34. Kf1 Nd2+ 35. Ke2 Nc4 36. Bc7 b3 37. Kd3 Kf8 38. Bb8 Ke8 39. Kc3 b2 40. Kc2 Kd7 41. Ba7 Kc6 42. Bd4 Kd5 43. Bc3 Ke4 44. Bxb2 Nxb2 45. Kxb2 Kf3 46. Kc3 Kxf2 47. Kc4 f6 48. Kb5 fxe5 0-1

[Event "Erfurt MT op 26th"]
[Site "Erfurt"]
[Date "2016.12.26"]
[Round "1"]
[White "Guenther, Thomas"]
[Black "Grigorian, Spartak"]
[Result "0-1"]
[WhiteElo "2062"]
[BlackElo "2335"]
[PlyCount "70"]
[EventDate "2016.12.26"]
[EventType "swiss"]
[EventRounds "8"]
[EventCountry "GER"]
[SourceTitle "CBM 176 Extra"]
[Source "ChessBase"]
[SourceDate "2017.03.02"]
[SourceVersion "1"]
[SourceVersionDate "2017.03.02"]
[SourceQuality "1"]

1. d4 Nf6 2. Nf3 d5 3. e3 g6 4. Bd3 Bg7 5. Nbd2 0-0 6. 0-0 c5 7. c3 b6 8. Qe2 Nc6 9. h3 Qc7 10. dxc5 bxc5 11. e4 d4 12. cxd4 cxd4 13. a3 a5 14. Nc4 Nd7 15. Bd2 Nc5 16. b4 Nxd3 17. Qxd3 Ba6 18. Rfc1 Rfc8 19. Qb3 Rab8 20. Qa4 Bb5 21. Qd1 axb4 22. axb4 d3 23. Rab1 Nd4 24. Nxd4 Bxd4 25. Na3 Qb6 26. Qf3 Rxc1+ 27. Bxc1 Rd8 28. Nxb5 Qxb5 29. Bd2 Rc8 30. Rc1 Rc2 31. Rd1 Qc4 32. Be3 Bg7 33. Bf4 Bd4 34. Be3 Rc3 35. Bd2 Rb3 0-1

[Event "Bayern-chI Bank Hofmann 19th"]
[Site "Bad Wiessee"]
[Date "2015.11.01"]
[Round "2"]
[White "Zude, Arno"]
[Black "Guenther, Thomas"]
[Result "1-0"]
[WhiteElo "2388"]
[BlackElo "2088"]
[PlyCount "55"]
[EventDate "2015.10.31"]
[EventType "swiss"]
[EventRounds "9"]
[EventCountry "GER"]
[SourceTitle "EXT 2017"]
[Source "ChessBase"]
[SourceDate "2016.10.25"]
[SourceVersion "1"]
[SourceVersionDate "2016.10.25"]
[SourceQuality "1"]

1. e4 c5 2. Nf3 Nc6 3. d4 cxd4 4. Nxd4 Nf6 5. Nc3 d6 6. Be2 e6 7. 0-0 Be7 8. Be3 a6 9. f4 Qc7 10. Kh1 0-0 11. Qe1 Bd7 12. Qg3 Nxd4 13. Bxd4 Bc6 14. Bd3 Nh5 15. Qg4 e5 16. fxe5 dxe5 17. Be3 Nf6 18. Qg3 b5 19. Bh6 Ne8 20. a4 b4 21. Nd5 Qd6 22. Bd2 Bxd5 23. exd5 Nf6 24. Rae1 Nd7 25. Bf5 Rab8 26. Bxd7 Qxd7 27. Bh6 g6 28. Qxe5 1-0

[Event "Berlin Lichtenberger op 14th"]
[Site "Berlin"]
[Date "2015.08.22"]
[Round "8"]
[White "Guenther, Thomas"]
[Black "Reichenbach, Werner"]
[Result "1/2-1/2"]
[WhiteElo "2081"]
[BlackElo "2241"]
[PlyCount "131"]
[EventDate "2015.08.15"]
[EventType "swiss"]
[EventRounds "9"]
[EventCountry "GER"]
[SourceTitle "EXT 2016"]
[Source "ChessBase"]
[SourceDate "2015.10.08"]
[SourceVersion "1"]
[SourceVersionDate "2015.10.08"]
[SourceQuality "1"]

1. d4 g6 2. Nf3 Bg7 3. e4 d6 4. h3 Nf6 5. Bd3 0-0 6. 0-0 Nc6 7. Re1 e5 8. d5 Ne7 9. Bf1 c6 10. c4 cxd5 11. cxd5 h6 12. Nc3 Ne8 13. Nh2 f5 14. f3 f4 15. a4 Nf6 16. Qb3 h5 17. Bd2 g5 18. Be2 Ng6 19. Rac1 Rf7 20. Nb5 Bf8 21. Qc2 Ne8 22. Red1 Nh4 23. Be1 Bd7 24. Bf2 b6 25. Qb3 Qf6 26. Rc3 Be7 27. Na3 Bd8 28. Bb5 Ng6 29. Bxd7 Rxd7 30. Qb5 Qe7 31. Qa6 Rb8 32. b3 Rdb7 33. b4 Qd7 34. Qb5 Qf7 35. Rdc1 Ne7 36. Qd3 Kg7 37. b5 Nf6 38. Nc2 Qg6 39. Qe2 Nd7 40. Nb4 Nc5 41. Nc6 Ra8 42. Ra1 Nd7 43. a5 bxa5 44. Nxd8 Rxd8 45. Rxa5 Ra8 46. Qc2 Qe8 47. Rc6 Qb8 48. Qa4 Nc8 49. Nf1 Ndb6 50. Qb4 Rd7 51. Nd2 Ne7 52. Bxb6 Nxc6 53. bxc6 Rf7 54. c7 Rxc7 55. Ra4 axb6 56. Rxa8 Qxa8 57. Qxd6 Qa1+ 58. Nf1 Qd4+ 59. Kh2 Rf7 60. Qd8 Kg6 61. Qg8+ Rg7 62. Qe6+ Kh7 63. Qf5+ Kg8 64. Qc8+ Kh7 65. Qf5+ Kg8 66. Qc8+ 1/2-1/2

[Event "Wunsiedel op 9th"]
[Site "Wunsiedel"]
[Date "2015.05.14"]
[Round "1"]
[White "Ernst, Sipke"]
[Black "Guenther, Thomas"]
[Result "1/2-1/2"]
[WhiteElo "2523"]
[BlackElo "2064"]
[PlyCount "110"]
[EventDate "2015.05.14"]
[EventType "swiss"]
[EventRounds "7"]
[EventCountry "GER"]
[SourceTitle "CBM 166 Extra"]
[Source "ChessBase"]
[SourceDate "2015.06.18"]
[SourceVersion "1"]
[SourceVersionDate "2015.06.18"]
[SourceQuality "1"]

1. d4 Nf6 2. Nf3 d5 3. c4 e6 4. g3 Be7 5. Bg2 0-0 6. 0-0 c6 7. Qc2 b6 8. Rd1 Bb7 9. Nc3 Nbd7 10. b3 a6 11. e4 dxe4 12. Ng5 Qc8 13. Ngxe4 Nxe4 14. Nxe4 h6 15. Bf4 Nf6 16. Bd6 Nxe4 17. Bxe7 Re8 18. Ba3 Nf6 19. Bb2 Qc7 20. Rd2 Rad8 21. Rad1 Rd7 22. Bc3 Red8 23. Qb2 Ne8 24. Bh3 Ra8 25. Re2 Rdd8 26. Rdd2 Qe7 27. f4 Qf8 28. f5 exf5 29. Bxf5 Nd6 30. Bg4 Re8 31. Bf3 Rxe2 32. Rxe2 Re8 33. Kg2 Rxe2+ 34. Qxe2 Qd8 35. Qe5 Ne8 36. a4 Nf6 37. b4 Qd7 38. Qb8+ Kh7 39. Be1 Bc8 40. Qe5 Qh3+ 41. Kg1 Bf5 42. Qe2 Bg4 43. Qc2+ Bf5 44. Qe2 Bd7 45. Bg2 Qf5 46. h3 Kg8 47. Kh2 Qb1 48. Bc3 Qb3 49. Bd2 Qxa4 50. Qe5 Qc2 51. Bxh6 Bf5 52. Kg1 Qb1+ 53. Kh2 Qc2 54. Kg1 Qb1+ 55. Kh2 Qc2 1/2-1/2

[Event "Bayern-chI Bank Hofmann 17th"]
[Site "Bad Wiessee"]
[Date "2013.10.30"]
[Round "6"]
[White "Guenther, Thomas"]
[Black "Schramm, Christian"]
[Result "0-1"]
[WhiteElo "2082"]
[BlackElo "2396"]
[PlyCount "62"]
[EventDate "2013.10.26"]
[EventType "swiss"]
[EventRounds "9"]
[EventCountry "GER"]
[SourceTitle "EXT 2014"]
[Source "ChessBase"]
[SourceDate "2013.11.20"]
[SourceVersion "1"]
[SourceVersionDate "2013.11.20"]
[SourceQuality "1"]

1. d4 g6 2. Nf3 Bg7 3. e3 d6 4. c4 Nd7 5. Nc3 Ngf6 6. Be2 0-0 7. 0-0 e5 8. Rb1 e4 9. Nd2 Re8 10. b4 Nf8 11. Nb3 h5 12. h3 N8h7 13. Re1 Ng5 14. Bf1 Bxh3 15. f4 Bg4 16. Be2 Ngh7 17. Rf1 Bxe2 18. Qxe2 Ng4 19. g3 Nh6 20. Bd2 Nf6 21. Be1 Qd7 22. Kg2 Nf5 23. Bf2 Ng4 24. Rbe1 a5 25. bxa5 c5 26. Nb5 cxd4 27. exd4 d5 28. c5 h4 29. gxh4 Nxf2 30. Kxf2 Bf6 31. Kg2 Bxh4 0-1

[Event "Berlin Lichtenberger op 12th"]
[Site "Berlin"]
[Date "2013.08.24"]
[Round "8"]
[White "Rietze, Clemens"]
[Black "Guenther, Thomas"]
[Result "1/2-1/2"]
[WhiteElo "2273"]
[BlackElo "2088"]
[PlyCount "109"]
[EventDate "2013.08.17"]
[EventType "swiss"]
[EventRounds "9"]
[EventCountry "GER"]
[SourceTitle "CBM 156 Extra"]
[Source "ChessBase"]
[SourceDate "2013.10.22"]
[SourceVersion "1"]
[SourceVersionDate "2013.10.22"]
[SourceQuality "1"]

1. e4 c5 2. Nf3 Nc6 3. d4 cxd4 4. Nxd4 Qb6 5. Nb3 Nf6 6. Bd3 e6 7. 0-0 Be7 8. c4 d6 9. Nc3 a6 10. Be3 Qc7 11. Rc1 Ne5 12. Be2 b6 13. f3 Bb7 14. Qe1 0-0 15. Qf2 Ned7 16. Nd4 Qd8 17. Rfd1 Rc8 18. a3 Ne5 19. Na4 Nfd7 20. b4 Bc6 21. Nxc6 Rxc6 22. f4 Nxc4 23. Bxc4 b5 24. Bb3 Rxc1 25. Rxc1 bxa4 26. Bxa4 Nf6 27. Bb6 Qb8 28. Ba7 Rc8 29. Rc6 Rxc6 30. Bxc6 Qc8 31. Qb6 Nxe4 32. Qb7 Qxb7 33. Bxb7 d5 34. Bxa6 Kf8 35. Bd3 Ke8 36. Bd4 f6 37. Kf1 Kd7 38. Ke2 g6 39. Ke3 f5 40. Bb5+ Kc7 41. Be5+ Kd8 42. Bb2 g5 43. g3 g4 44. Kd3 h5 45. Bd4 Kc7 46. Kc2 h4 47. gxh4 Bxh4 48. Be2 Be1 49. Be5+ Kb6 50. Bd4+ Kc7 51. Bd3 Nf2 52. Be5+ Kb6 53. Bf1 Nh3 54. Kd1 Bf2 55. a4 1/2-1/2

[Event "Neckar op-A 17th"]
[Site "Deizisau"]
[Date "2013.03.28"]
[Round "1"]
[White "Guenther, Thomas"]
[Black "Solodovnichenko, Yuri"]
[Result "0-1"]
[WhiteElo "2107"]
[BlackElo "2559"]
[PlyCount "78"]
[EventDate "2013.03.28"]
[EventType "swiss"]
[EventRounds "9"]
[EventCountry "GER"]
[SourceTitle "CBM 153 Extra"]
[Source "ChessBase"]
[SourceDate "2013.04.22"]
[SourceVersion "1"]
[SourceVersionDate "2013.04.22"]
[SourceQuality "1"]

1. d4 g6 2. e4 d6 3. Bd3 Bg7 4. Ne2 Nc6 5. c3 e5 6. Be3 Nf6 7. f3 d5 8. Qd2 0-0 9. 0-0 exd4 10. cxd4 dxe4 11. fxe4 Ng4 12. e5 Nxe3 13. Qxe3 f6 14. Nbc3 fxe5 15. Rxf8+ Qxf8 16. Rf1 Qd8 17. d5 Nd4 18. Ng3 Qe7 19. Nb5 Nxb5 20. Bxb5 Qb4 21. Qb3 Qxb3 22. axb3 a6 23. Bc4 b5 24. Bd3 Bb7 25. Be4 Bh6 26. Re1 Rd8 27. d6 c6 28. Bf3 Rxd6 29. Rxe5 Kf8 30. Ne4 Rd3 31. Kf1 Re3 32. Rc5 Bc8 33. Rxc6 Bb7 34. Re6 Bd5 35. Re5 Bxb3 36. Rc5 Bc4+ 37. Kf2 Rb3 38. Rc8+ Ke7 39. Rc7+ Kd8 0-1

[Event "Berlin Lichtenberger op 11th"]
[Site "Berlin"]
[Date "2012.08.25"]
[Round "8"]
[White "Lauridsen, Jesper Morch"]
[Black "Guenther, Thomas"]
[Result "1-0"]
[WhiteElo "2249"]
[BlackElo "2085"]
[PlyCount "65"]
[EventDate "2012.08.18"]
[EventType "swiss"]
[EventRounds "9"]
[EventCountry "GER"]
[SourceTitle "CBM 150 Extra"]
[Source "ChessBase"]
[SourceDate "2012.10.19"]
[SourceVersion "1"]
[SourceVersionDate "2012.10.19"]
[SourceQuality "1"]

1. e4 c5 2. Nf3 Nc6 3. d4 cxd4 4. Nxd4 Qb6 5. Nb3 Nf6 6. Nc3 e6 7. Be3 Qc7 8. Bd3 a6 9. f4 d6 10. Qf3 Be7 11. 0-0 0-0 12. Rae1 Nd7 13. a3 b5 14. Qh3 b4 15. e5 f5 16. exf6 Nxf6 17. Ne4 Nxe4 18. Bxe4 g6 19. Qg3 Bf6 20. f5 Be5 21. fxg6 Rxf1+ 22. Rxf1 Bxg3 23. gxh7+ Qxh7 24. Bxh7+ Kxh7 25. hxg3 bxa3 26. bxa3 Kg6 27. Bb6 Ne5 28. Bd4 Bd7 29. Rd1 Kf6 30. Na5 Ba4 31. Nc4 Bxc2 32. Re1 Bf5 33. Nxd6 1-0

[Event "Berlin Lichtenberger op 11th"]
[Site "Berlin"]
[Date "2012.08.20"]
[Round "3"]
[White "Guenther, Thomas"]
[Black "Radjenovic, Branko"]
[Result "1-0"]
[WhiteElo "2085"]
[BlackElo "1845"]
[PlyCount "97"]
[EventDate "2012.08.18"]
[EventType "swiss"]
[EventRounds "9"]
[EventCountry "GER"]
[SourceTitle "CBM 150 Extra"]
[Source "ChessBase"]
[SourceDate "2012.10.19"]
[SourceVersion "1"]
[SourceVersionDate "2012.10.19"]
[SourceQuality "1"]

1. d4 Nf6 2. Nf3 g6 3. c4 Bg7 4. Nc3 d6 5. e4 0-0 6. Be2 Nbd7 7. Be3 e5 8. d5 Ng4 9. Bg5 f6 10. Bh4 a5 11. Nd2 Nh6 12. f3 g5 13. Bf2 Nc5 14. Rb1 f5 15. 0-0 f4 16. b3 Nd7 17. a3 b6 18. b4 Qe7 19. Nb5 Nf6 20. c5 bxc5 21. bxc5 Ne8 22. c6 Nf6 23. Na7 Nf7 24. Nxc8 Rfxc8 25. Rb7 h5 26. Qa4 Nd8 27. Rfb1 Qe8 28. R7b5 g4 29. Rxa5 Nf7 30. Rb7 Rxa5 31. Qxa5 Qd8 32. Qb4 Bh6 33. Ba7 Ne8 34. Rb8 Rxb8 35. Qxb8 Qe7 36. Qc8 gxf3 37. Nxf3 Kf8 38. Bf2 Ng5 39. Qf5+ Kg7 40. Nxg5 Bxg5 41. Bxh5 Bf6 42. Qd7 Kf8 43. Bxe8 Qxe8 44. Qxe8+ Kxe8 45. a4 Kd8 46. h4 Kc8 47. Kh2 Kb8 48. Kh3 Bg7 49. Kg4 1-0